| 000 | 00512nam a2200169 a 4500 | ||
|---|---|---|---|
| 005 | 20140412111325.0 | ||
| 008 | 000818s19uu xx 00 eng d | ||
| 020 | _a0-590-56864-7 | ||
| 050 |
_aTR(PS E _bPi57 1997 |
||
| 100 | _aPlourde, Lynn | ||
| 245 |
_aPigs in the mud in the middle of the rud / _cby Lynn Plourde ; Illustrated by John Schoenherr. |
||
| 260 |
_aNew York : _bScholastic Inc, _c1997. |
||
| 300 | _a1 v. (unp.) ; ill. | ||
| 650 | _aPigs--Fiction | ||
| 650 | _aMuds--Fiction | ||
| 999 |
_c104567 _d104567 |
||